00416nam a2200121Ia 4500003000400000005001700004008004100021040001800062041000800080100003700088245013500125260003400260OSt20260123151955.0211028s2016 xx 000 0 und d cAIMIT LIBRARY aeng aSunil, T; Rose, Swapna.g1416144 aStudy on an impact of high cost of production on the financial statement: with special reference to manul dairy ( A unit of KMF) / aMangalorebSwapna Rose.c2016